| 000 | 00721nam a22002297a 4500 | ||
|---|---|---|---|
| 999 |
_c14122 _d14122 |
||
| 003 | MIRAKIL | ||
| 005 | 20201019153034.0 | ||
| 008 | 201019b tu ||||| |||| 00| 0 tur d | ||
| 040 |
_aTR-AnCHP _btur _cTR-AnCHP |
||
| 041 | _atur | ||
| 082 |
_aATA 923.156 _bB29a 1978 |
||
| 100 | _aBayar, Celal | ||
| 245 |
_aAtatürk'ün metodolojisi ve günümüz/ _cCelal Bayar ; derleyen İsmet Bozdağ |
||
| 260 |
_aİstanbul: _bKervan Kitapçılık, _c1978. |
||
| 300 |
_a157 s.: _c19 sm. |
||
| 490 | 0 |
_aKervan Yayınları; _vAnılar, belgeler, bilgiler dizisi; |
|
| 600 |
_aAtatürk, Mustafa Kemal _d1881-1938 |
||
| 650 | _aAtatürkçülük | ||
| 650 | _aSiyasal ideolojiler | ||
| 700 |
_aBozdağ, İsmet _eder. |
||
| 942 | _cBKS | ||